01488cam a22003614i 450000100090000000300090000900500170001800800410003502000420007602000390011803500230015704000430018008200220022310000570024524500460030225000190034826400330036726400100040030000470041033600260045733700280048333800270051150000850053850000360062350400510065965000530071065500170076385600910078085600920087194200120096399900170097595201340099214588157EG-ScBUE20250624082803.0061010t2007 gw a f b 001 0 eng c a9783540383451 (hbk. : acidfree paper) a354038345X (hbk. : acidfree paper) a(OCoLC)ocm75927377 aEG-ScBUEbengerdacEG-ScBUEdEG-ScBUE04a537.6226222bKLI1 aKlingshirn, C. F.q(Claus F.),d1944-93714eauthor.10aSemiconductor optics /cClaus Klingshirn. aThird edition. 1aBerlin : bSpringer,c[2007] 4cc2007 axxvii, 809 pages :billustrations ;c24 cm 2rdacontentatextbtxt aunmediated2rdamediabn avolumebnc2rdacarrier aThe 2nd ed. published in 2005 was part of the series: Advanced texts in physics. aWith 380 figures and 20 tables. aIncludes bibliographical references and index. 7aSemiconductorsxOptical properties.937152BUEsh vReading book423Publisher descriptionuhttp://www.loc.gov/catdir/enhancements/fy0825/2006936099-d.html413Table of contents onlyuhttp://www.loc.gov/catdir/enhancements/fy0825/2006936099-t.html 2ddccBB c11306d11306 00102ddc40708AlahramaMAINbMAINc1STd2009-04-14ePurchaseg640.00h363l0o537.6226 KLIp000015541r2025-07-15 00:00:00yBB